Chiaroscuro : italienische Farbholzschnitte der Renaissance und des Barock; [Casa di Goethe, Rom, 25.4.2001 - 23.7.2001; Kunstsammlungen zu Weimar, 19.8.2001 - 21.10.2001; Haus der Kunst, München, 17.10.2002 - 12.1.2003]

Saved in:
Bibliographic Details
Document Type: Book
Language:German
Published: Berlin : G+H-Verl. , 2001
Edition:Buchhandelsausg.
Series:Im Blickfeld der Goethezeit 4
Subjects:
Online Access:Rezension
Rezension
Related Items:Rezensiert in: [Rezension von: Dieter Graf / Hermann Mildenberger, Chiaroscuro]
Author Notes:Dieter Graf; Hermann Mildenberger
LEADER 03577cam a2200661 cb4500
001 1161735178
003 DE-627
005 20250612070156.0
007 tu
008 010611s2001 xx ||||| c 00| ||ger c
020 |a 3931768562  |9 3-931768-56-2 
020 |a 3931768597  |9 3-931768-59-7 
035 |a (DE-627)1161735178 
035 |a (DE-576)091735173 
035 |a (DE-599)BSZ091735173 
035 |a (OCoLC)1397375234 
035 |a (OCoLC)314018109 
040 |a DE-627  |b ger  |c DE-627  |e rakwb 
041 |a ger 
084 |a 9,10  |2 ssgn 
084 |a LH 39510  |2 rvk  |0 (DE-625)rvk/93341: 
084 |a LN 85170  |2 rvk  |0 (DE-625)rvk/102433: 
245 0 0 |a Chiaroscuro  |b italienische Farbholzschnitte der Renaissance und des Barock; [Casa di Goethe, Rom, 25.4.2001 - 23.7.2001; Kunstsammlungen zu Weimar, 19.8.2001 - 21.10.2001; Haus der Kunst, München, 17.10.2002 - 12.1.2003]  |c Dieter Graf; Hermann Mildenberger 
250 |a Buchhandelsausg. 
264 1 |a Berlin  |b G+H-Verl.  |c 2001 
300 |a 211 S.  |b Ill. 
336 |a Text  |b txt  |2 rdacontent 
336 |a unbewegtes Bild  |b sti  |2 rdacontent 
337 |a ohne Hilfsmittel zu benutzen  |b n  |2 rdamedia 
338 |a Band  |b nc  |2 rdacarrier 
490 1 |a Im Blickfeld der Goethezeit / Hermann Mildenberger  |v 4 
583 1 |a Archivierung/Langzeitarchivierung gewährleistet  |f SSG  |x XA-DE-BW  |2 pdager  |5 DE-16 
650 4 |a Geschichte 1500-1750  |7 (dpeaa)DE-2491 
650 4 |a Ausstellung  |7 (dpeaa)DE-2491 
650 4 |a Italien  |7 (dpeaa)DE-2491 
650 4 |a Farbholzschnitt  |7 (dpeaa)DE-2491 
655 7 |a Ausstellungskatalog  |0 (DE-588)4135467-9  |0 (DE-627)10566491X  |0 (DE-576)209660988  |2 gnd-content 
689 0 0 |d g  |0 (DE-588)4027833-5  |0 (DE-627)106283235  |0 (DE-576)208972501  |a Italien  |2 gnd 
689 0 1 |d s  |0 (DE-588)4016461-5  |0 (DE-627)106333127  |0 (DE-576)208916032  |a Farbholzschnitt  |2 gnd 
689 0 2 |a z  |2 gnd  |a Geschichte 1500-1750 
689 0 3 |d b  |0 (DE-588)2162571-2  |0 (DE-627)225635186  |0 (DE-576)196128587  |a Kunstsammlungen zu Weimar  |2 gnd 
689 0 |5 (DE-627) 
700 1 |a Graf, Dieter  |d 1936-2020  |0 (DE-588)129522805  |0 (DE-627)47100927X  |0 (DE-576)297703870  |4 oth 
700 1 |a Mildenberger, Hermann  |d 1955-  |0 (DE-588)137125216  |0 (DE-627)58994097X  |0 (DE-576)162238991  |4 oth 
710 2 |a Casa di Goethe  |0 (DE-588)2164436-6  |0 (DE-627)230646190  |0 (DE-576)196242665  |4 oth 
787 0 8 |i Rezensiert in  |a Rebel, Ernst, 1949 -   |t [Rezension von: Dieter Graf / Hermann Mildenberger, Chiaroscuro]  |d 2002  |w (DE-627)1920624856 
830 0 |a Im Blickfeld der Goethezeit  |v 4  |9 4  |w (DE-627)1132994241  |w (DE-576)062994247  |7 am 
856 4 2 |u https://swbplus.bsz-bw.de/bsz091735173rez.htm  |m V:DE-576  |v 2005-08-17  |3 Rezension  |7 1 
856 4 2 |u http://www.sehepunkte.de/2002/12/3434.html  |m V:DE-576;X:Sehepunkte  |q text/html  |v 20180423160624  |3 Rezension  |7 1 
936 r v |a LH 39510  |b Weimar  |k Kunstgeschichte  |k Allgemeines. Allgemeine Kunstgeschichte  |k Museumskunde. Museumskataloge  |k Kataloge einzelner Museen; Schrifttum über einzelne Museen  |k Orte W  |k Weimar  |0 (DE-627)1270648918  |0 (DE-625)rvk/93341:  |0 (DE-576)200648918 
936 r v |a LN 85170  |b Holzschnitt, Linolschnitt  |k Kunstgeschichte  |k Kunst nach Ländern bzw. Kontinenten  |k Italien  |k Italienische Kunstgeschichte nach Gattungen  |k Zeichnung und Grafik  |k Material und Technik einzelner Gattungen und ihre Geschichte  |k Holzschnitt, Linolschnitt  |0 (DE-627)1271172399  |0 (DE-625)rvk/102433:  |0 (DE-576)201172399 
951 |a MV 
990 |a Italien 
990 |a Farbholzschnitt 
990 |a Geschichte 1500-1750 
990 |a Kunstsammlungen zu Weimar 
991 |a Rezensiertes Werk 
999 |a KXP-PPN1161735178  |e 4953888596